La socialdemocracia

Salvato in:
Dettagli Bibliografici
Autore principale: Paramio Rodrigo, Ludolfo (autor)
Natura: Libro
Lingua:spagnolo
Pubblicazione: Madrid Los Libros de la Catarata 2009
Serie:Catarata, 309
Soggetti:
Tags: Aggiungi Tag
Nessun Tag, puoi essere il primo ad aggiungerne!!

MARC

LEADER 00000cam a2200000 a 4500
001 UCG8188
003 CL-VaPUC
008 111124e20090000SP |||||||||||||||||spa|d
020 |a 9788483194553 
082 0 4 |a 320.5315  |b PAR  |2 21 
100 |a Paramio Rodrigo, Ludolfo  |e autor  |9 520067 
245 1 3 |a La socialdemocracia 
300 |a 85 p 
942 |c BK 
945 |d 20111124 00:00:00  |a dcastane 
260 |a Madrid  |b Los Libros de la Catarata  |c 2009 
650 7 |a SOCIALDEMOCRACIA  |2 CL-VaPUC  |9 449515 
650 0 |a Socialismo  |9 255260 
650 0 |a Partidos políticos  |9 254999 
650 7 |a FILOSOFIA POLITICA  |2 CL-VaPUC  |9 559107 
650 0 |a Ideologías políticas   |9 255735 
583 |a last modification  |c 20111124 10:35:00  |k Rodrigo Vera 
490 0 |a Catarata, 309 
999 |c 345817  |d 345815 
952 |0 0  |1 0  |4 0  |6 320_531500000000000_PAR_2009  |7 0  |8 A  |9 446099  |a BIBHIS  |b BIBHIS  |d 2019-11-22  |i 4806123  |o 320.5315 PAR 2009  |p 4806123  |r 2025-01-20  |w 2019-11-22  |y BK  |k HIS